Gaming Quiz

Random Gaming or Video Games Quiz

Maxis' Sim Games Quiz Stats

 Plays Quiz Updated Mar 11, 2019

Score 0/32 Timer 06:00
6 Plays Today
Year Game % Correct
2000The Sims
97.1%
2004The Sims 2
87.1%
1989SimCity
82.2%
2014The Sims 4
80.5%
2013SimCity
78.9%
1993SimCity 2000
52.2%
1999SimCity 3000
42.3%
2003SimCity 4
38.1%
1991SimAnt
31%
1994SimTower
24.1%
1993SimFarm
21.5%
2009The Sims 3
20.6%
1990SimEarth
20.1%
1995SimTown
17.5%
1996SimCopter
17.4%
1996SimPark
13.5%
Year Game % Correct
1992SimLife
12.5%
1999Sim Theme Park
12.2%
2004SimCoaster
10.6%
2002Sid Meier's SimGolf
8.3%
1995SimGolf
8.3%
1998SimSafari
8%
1997Streets of SimCity
7.3%
2007SimCity Societies
6.1%
1995SimIsle
5.8%
2002The Sims Online
4.1%
1994SimHealth
2.9%
1996SimTunes
2.7%
2007The Sims Life Stories
1.9%
1993SimRefinery
1.7%
2007The Sims Pet Stories
1.4%
2008The Sims Castaway Stories
1.3%

You're not logged in!

Compare scores with friends on all Sporcle quizzes.
OR
Log In

Sporcle TV

Today on Sporcle TV


Watch our educational content, quiz creation guides, and fun videos on Sporcle TV.

Show Comments

Extras

Top Quizzes Today


Score Distribution

Your Account Isn't Verified!

In order to create a playlist on Sporcle, you need to verify the email address you used during registration. Go to your Sporcle Settings to finish the process.

Report this User

Report this user for behavior that violates our Community Guidelines.

Details: